| 000 | 00627nam0a22002291 4500 | ||
|---|---|---|---|
| 001 | rc\15490 | ||
| 005 | 20250620114835.0 | ||
| 035 | _a(NLR Aleph) 005303714 | ||
| 090 |
_a6315231 _c6315231 |
||
| 100 | _a20021204d1991 |||y0rusy50 ca | ||
| 101 | 0 | _arus | |
| 102 | _aRU | ||
| 105 | _ay ||||||||| | ||
| 200 | 1 | _aЗащитительные речи и жалобы | |
| 210 |
_aМ. _cСоюз адвокатов СССР _d1991 |
||
| 215 |
_a174 с. _d22 |
||
| 700 | 1 |
_aАрия _bС.Л. _gСемен Львович |
|
| 801 | 0 |
_aRU _bNLR _gpsbo |
|
| 801 | 1 |
_aRU _bELAR _2rusmarc |
|
| 852 |
_aNLR _j91-5/3369 |
||
| 942 | _cBOOK | ||
| 980 | _aNB | ||